| 000 | 00851 a2200229 4500 | ||
|---|---|---|---|
| 008 | 120827t xxu||||| |||| 00| 0 eng d | ||
| 010 | _aENG-89185 | ||
| 020 |
_a9788120334014 _c395.00 |
||
| 035 | _aEN-72718 | ||
| 037 | _bDBAD / PUB | ||
| 082 | 1 | 4 | _a005.44 |
| 100 | 1 |
_aTulloch, Mitch _951584 |
|
| 245 | 1 | 0 |
_aIntroducing Windows Server 2008 / _cMitch Tulloch with the Microsoft Windows Server Team |
| 260 |
_aNew Delhi _bPrentice- Hall of India _c2008 |
||
| 270 |
_aM-97, Connaught Circus _bNew Delhi _e110 001 |
||
| 300 |
_axiv, 477 p. : _bill. ; _c23 cm (pbk) |
||
| 500 | _aIncludes bibliographical references and index. | ||
| 650 | 0 |
_aOperating systems (Computers) _951585 |
|
| 650 | 0 |
_aMicrosoft .NET. _951586 |
|
| 942 |
_adpl _cEN _k005.44 / TUL _2ddc |
||
| 999 |
_c10192 _d10192 |
||